Ulice w Gdańsku zaczynające się na N - Statystyki

Ogólne statystyki
  • Ten quiz został rozwiązany 9 razy
  • Średni wynik to 9 z 66
Statystyki odpowiedzi
Odpowiedź % Poprawnych
Narutowicza
80%
Nakielska
40%
Nałkowskiej
40%
Narciarska
40%
Narcyzowa
40%
Niska
40%
Norwida
40%
Notecka
40%
Nowa
40%
Nowickiego
40%
Nabrzeże Hanzy
20%
Nad Brzegiem
20%
Nadmorska
20%
Nad Potokiem
20%
Nadwiślańska
20%
Na Zaspę
20%
Necla
20%
Niedziałkowskiego
20%
Niegocińska
20%
Niegowo
20%
Niegowska
20%
Niepołomicka
20%
Niwki
20%
Norblina
20%
Noskowskiego
20%
Nowatorów
20%
Nowiny
20%
Nowogródzka
20%
Nowomiejska
20%
Nowosądecka
20%
Nowy Świat
20%
Nad Jarem
0%
Nadmorski Dwór
0%
Nad Starą Radunią
0%
Nad Stawem
0%
Nadwodna
0%
Naftowa
0%
Nagietkowa
0%
Nagórskiego
0%
Na Ostrowiu
0%
Na Piaskach
0%
Narewska
0%
Narwicka
0%
Narzędziowców
0%
Na Stępce
0%
Na Stoku
0%
Na Szańcach
0%
Nawigatorów
0%
Na Wzgórzu
0%
Na Zboczu
0%
Neptuna
0%
Nidzicka
0%
Nieborowska
0%
Niecała
0%
Niedźwiednik
0%
Niemcewicza
0%
Niezapominajek
0%
Nike
0%
Niterów
0%
Noakowskiego
0%
Nobla
0%
Nowe Ogrody
0%
Nowiec
0%
Nowolipie
0%
Nowotna
0%
Nowowiejskiego
0%
Nie znaleziono quizów pasujących do podanych kryteriów
Rozkład punktacji
Procent ludzi z każdym wynikiem
Percentyl według liczby udzielonych odpowiedzi
Twoja historia wyników
Nie rozwiązałeś tego quizu